[Event "2024 North Island Championships"]
[Site "Wellington NZL"]
[Date "2024.03.29"]
[Round "1.29"]
[White "Hara, Koki"]
[Black "Xu, Luna Yuexiu"]
[Result "0-1"]
[WhiteElo "983"]
[BlackElo "1753"]
[WhiteFideId "4313305"]
[BlackFideId "4317360"]
[PlyCount "0"]
[EventDate "2024.03.29"]
[SourceDate ""]

1. e4 c5 2. c3 d5 3. exd5 Qxd5 4. Nf3 Nc6 5. d4 Bg4 6. Bb5 cxd4 7. Na3 e5 8.
Bc4 Qe4+ 9. Be2 O-O-O 10. Ng5 Bxe2 11. Qxe2 Qxe2+ 12. Kxe2 Nh6 13. Re1 Bxa3 14.
bxa3 dxc3 15. Kf1 Nd4 16. Rb1 f6 17. Nh3 Ng4 18. Kg1 Kb8 19. f4 c2 20. Rb4 Ne2+
21. Kf1 Nxc1 22. Rc4 Nd3 23. Ra1 Ne3+ 24. Ke2 Nxc4 25. fxe5 Nxa3 26. exf6 Nb1
27. Kf3 c1=Q 28. fxg7 Nd2+ 29. Kg4 Qc4+ 30. Kg3 Qc7+ 31. Kg4 Qxg7+ 32. Kf5
Rhf8+ 33. Ke6 Qe5# 0-1

[Event "2024 North Island Championships"]
[Site "Wellington NZL"]
[Date "2024.03.29"]
[Round "1.30"]
[White "Malcolm, Aidan"]
[Black "Le, Long Minh"]
[Result "1-0"]
[WhiteElo "1744"]
[BlackElo "946"]
[WhiteFideId "4315073"]
[BlackFideId "4320930"]
[PlyCount "0"]
[EventDate "2024.03.29"]
[SourceDate ""]

1. e4 e5 2. Nf3 Nc6 3. Bc4 Bc5 4. O-O Nf6 5. d4 Bxd4 6. Nxd4 Nxd4 7. Bg5 d6 8.
c3 Nc6 9. f4 h6 10. Bxf6 Qxf6 11. fxe5 Qxe5 12. Bxf7+ Kf8 13. Bd5+ Ke8 14. Qf3
Qe7 15. Qh5+ Kd8 16. Nd2 Ne5 17. Nc4 Bg4 18. Qxg4 Nxg4 19. Bxb7 Rb8 20. Na5 Qe5
21. Nc6+ Kd7 22. Rf7+ Ke8 23. Nxe5 Nxe5 24. Rxc7 g5 25. b3 Rf8 26. Bd5 a5 27.
Ra7 Rc8 28. c4 Rc5 29. Rh7 Rf6 30. Rf1 Rxf1+ 31. Kxf1 a4 32. Rxh6 axb3 33. axb3
g4 34. Rxd6 Ra5 35. Re6+ Kd8 36. Rxe5 Ra1+ 37. Kf2 Ra2+ 38. Kg3 Kd7 39. b4 Rb2
40. b5 Kc7 41. Re7+ Kb6 42. Rb7+ Kc5 43. e5 Re2 44. e6 Kd6 45. Kxg4 Rxg2+ 46.
Bxg2 1-0

[Event "2024 North Island Championships"]
[Site "Wellington NZL"]
[Date "2024.03.29"]
[Round "1.31"]
[White "Addagada, Geetham"]
[Black "Lu, Xiahan (Luna)"]
[Result "1-0"]
[WhiteElo "920"]
[BlackElo "1736"]
[PlyCount "93"]
[EventDate "2024.03.29"]

1. d4 Nf6 2. Nc3 d5 3. Bf4 e6 4. e3 c5 5. Nf3 Nc6 6. Nb5 e5 7. Nxe5 Qa5+ 8. c3
c4 9. a4 Rb8 10. Nxc6 bxc6 11. Bxb8 cxb5 12. Be5 Ne4 13. axb5 Qxb5 14. Qa4 Qxa4
15. Rxa4 a6 16. f3 Nd6 17. Kd2 f6 18. Bxd6 Bxd6 19. e4 Bf4+ 20. Ke1 Bc1 21.
exd5 Bxb2 22. Kd2 Bf5 23. g4 Bg6 24. Rb4 Bxc3+ 25. Kxc3 O-O 26. Bxc4 Rc8 27.
d6+ Bf7 28. d7 Rd8 29. Bxf7+ Kxf7 30. Rb7 Ke7 31. Re1+ Kd6 32. d5 Rxd7 33.
Rxd7+ Kxd7 34. Kc4 a5 35. Ra1 Kd6 36. Rxa5 Ke5 37. Ra6 Kf4 38. d6 Kxf3 39. d7
Kxg4 40. d8=Q Kg5 41. Qd5+ Kg6 42. Ra3 h5 43. Rg3+ Kh6 44. Qf5 g5 45. Qxf6+ Kh7
46. Rxg5 h4 47. Qg7# 1-0

[Event "2024 North Island Championships"]
[Site "Wellington NZL"]
[Date "2024.03.29"]
[Round "1.32"]
[White "Gunawan, Geoffrey"]
[Black "Addagada, Janvi"]
[Result "1-0"]
[WhiteElo "1725"]
[BlackElo "866"]
[PlyCount "67"]
[EventDate "2024.03.29"]

1. e4 d6 2. d4 Nf6 3. Bd3 g6 4. Nf3 Bg7 5. Bg5 O-O 6. h4 Re8 7. Nbd2 e5 8. d5
h6 9. Bxf6 Qxf6 10. c4 Nd7 11. b4 c5 12. a3 a6 13. Qb3 Rb8 14. b5 a5 15. b6 Qd8
16. Rb1 Ra8 17. Qa4 Nxb6 18. Rxb6 Qxb6 19. Qxe8+ Bf8 20. O-O Qb2 21. Rb1 Qxa3
22. Bf1 f5 23. Qxg6+ Kh8 24. exf5 Ra6 25. Qe8 Kg8 26. Qxc8 Ra7 27. Qe6+ Kh8 28.
Qf7 Bg7 29. f6 Bxf6 30. Qxf6+ Kh7 31. Qxd6 Qa4 32. Bd3+ Kg7 33. Qe7+ Kh8 34.
Qf8# 1-0

[Event "2024 North Island Championships"]
[Site "Wellington NZL"]
[Date "2024.03.29"]
[Round "1.33"]
[White "Xia, Jonathan"]
[Black "Gong, Jie"]
[Result "0-1"]
[WhiteElo "799"]
[BlackElo "1723"]
[PlyCount "106"]
[EventDate "2024.03.29"]

1. e4 c5 2. Nf3 e6 3. d4 cxd4 4. Nxd4 Nc6 5. Nc3 a6 6. Be3 Qc7 7. Bc4 Nf6 8. f3
Bb4 9. Qd2 Na5 10. Bd3 Nc4 11. Bxc4 Qxc4 12. O-O-O d5 13. exd5 Nxd5 14. Qd3
Nxe3 15. Qxe3 O-O 16. Qd3 Qc7 17. Ne4 Qf4+ 18. Kb1 Rd8 19. Ne2 Rxd3 20. Nxf4
Rxd1+ 21. Rxd1 Be7 22. Nd6 b5 23. c3 Kf8 24. Kc2 Bxd6 25. Rxd6 Ke7 26. Rc6 Kd7
27. Rc5 Bb7 28. b4 g6 29. Nd3 f6 30. Kd2 Kd6 31. Ke3 Re8 32. h4 e5 33. g4 e4
34. fxe4 Rxe4+ 35. Kd2 Rxg4 36. Ke2 Rxh4 37. Kf2 Rc4 38. Rxc4 bxc4 39. Nb2 Bd5
40. Kg3 Ke5 41. Kg4 f5+ 42. Kg5 f4 43. Nd1 Be6 44. Kh6 Ke4 45. a4 Kd3 46. b5
Ke2 47. Nf2 Kxf2 48. bxa6 Ke2 49. a7 Bd5 50. a5 f3 51. a6 f2 52. Kxh7 f1=Q 53.
Kxg6 Qf7+ 0-1

[Event "2024 North Island Championships"]
[Site "Wellington NZL"]
[Date "2024.03.29"]
[Round "1.34"]
[White "Coates, Alex"]
[Black "Miriyala, Sreenikesh"]
[Result "1-0"]
[WhiteElo "1721"]
[BlackElo "745"]
[PlyCount "109"]
[EventDate "2024.03.29"]

1. d4 Nf6 2. c4 e6 3. Nc3 Bb4 4. Qc2 O-O 5. Bg5 h6 6. Bh4 d5 7. e3 Nc6 8. Nf3
Be7 9. a3 a5 10. cxd5 exd5 11. Bb5 Bd7 12. Bxf6 Bxf6 13. Nxd5 Re8 14. O-O Rc8
15. Nxf6+ Qxf6 16. Rac1 Re6 17. d5 Rd6 18. dxc6 Bxc6 19. Bxc6 Rxc6 20. Qe2 Re6
21. Qb5 b6 22. Nd4 Re5 23. Qc6 Qxc6 24. Rxc6 Rg5 25. Rfc1 h5 26. Rxc7 Rxc7 27.
Rxc7 h4 28. h3 Rc5 29. Rxc5 bxc5 30. Nb3 Kf8 31. Nxc5 Ke7 32. Nb7 a4 33. Nc5
Kd6 34. Nxa4 Kc6 35. b4 Kb5 36. Nc3+ Kb6 37. a4 Kb7 38. b5 Kb6 39. g4 hxg3 40.
fxg3 f5 41. Nd5+ Kb7 42. a5 Ka8 43. Ne7 f4 44. exf4 Kb8 45. b6 Ka8 46. a6 Kb8
47. Nc6+ Kc8 48. b7+ Kc7 49. b8=Q+ Kxc6 50. Qd8 Kb5 51. a7 g5 52. a8=R gxf4 53.
Qc7 fxg3 54. Rb8+ Ka6 55. Qb6# 1-0

[Event "2024 North Island Championships"]
[Site "Wellington NZL"]
[Date "2024.03.29"]
[Round "1.35"]
[White "Wang, Tingyu"]
[Black "Campbell, Cazna"]
[Result "0-1"]
[WhiteElo "683"]
[BlackElo "1717"]
[WhiteFideId "4325214"]
[BlackFideId "4320808"]
[PlyCount "0"]
[EventDate "2024.03.29"]
[SourceDate ""]

1. e4 c6 2. d4 d5 3. exd5 cxd5 4. Nc3 Nf6 5. Bf4 a6 6. Qd3 Nc6 7. a3 e6 8.
O-O-O b5 9. Na2 Bd7 10. Nf3 Be7 11. Ne5 Ne4 12. Qe2 Qb6 13. Nxd7 Kxd7 14. Be3
Rhb8 15. f3 Nd6 16. Qd3 g6 17. Qc3 a5 18. Qc5 Qb7 19. Rd3 Nc4 20. Qxc6+ Qxc6
21. Rb3 Rc8 22. Bf4 Nxa3 23. c3 Nc4 24. Bxc4 bxc4 0-1

[Event "2024 North Island Championships"]
[Site "Wellington NZL"]
[Date "2024.03.29"]
[Round "1.36"]
[White "Liu, Richard Jingjie"]
[Black "Zhang, Cynthia"]
[Result "1-0"]
[WhiteElo "1713"]
[BlackElo "623"]
[WhiteFideId "4316967"]
[BlackFideId "4320360"]
[PlyCount "0"]
[EventDate "2024.03.29"]
[SourceDate ""]

1. e4 e5 2. Nf3 Nc6 3. Bc4 h6 4. d4 Bd6 5. dxe5 Bxe5 6. Bxf7+ Kf8 7. Nxe5 Nxe5
8. Bxg8 Kxg8 9. Qd5+ Nf7 10. O-O c6 11. Qb3 a6 12. Qg3 Ng5 13. Nd2 h5 14. h4
Nf7 15. b3 d6 16. Bb2 Rh7 17. e5 Bg4 18. Ne4 dxe5 19. f3 Bf5 20. Rad1 Qb6+ 21.
Kh1 Rd8 22. Nf6+ Kh8 23. Nxh7 Bxh7 24. Bxe5 Nxe5 25. Qxe5 Rf8 26. Rd7 Rg8 27.
Rfd1 Bxc2 28. Rf7 Bxd1 29. Qxh5# 1-0

[Event "2024 North Island Championships"]
[Site "Wellington NZL"]
[Date "2024.03.29"]
[Round "1.37"]
[White "Liang, Nancy"]
[Black "Winsley, Daniel"]
[Result "0-1"]
[WhiteElo "265"]
[BlackElo "1712"]
[WhiteFideId "4325087"]
[BlackFideId "4315138"]
[PlyCount "0"]
[EventDate "2024.03.29"]
[SourceDate ""]

1. e4 c6 2. d4 d5 3. e5 c5 4. c3 Nc6 5. Nf3 Bg4 6. Be2 e6 7. Be3 Qb6 8. b3 Bxf3
9. Bxf3 cxd4 10. cxd4 Bb4+ 11. Nd2 Nge7 12. O-O Bc3 13. Rc1 Bxd4 14. Bxd4 Qxd4
15. Re1 Nxe5 16. Be2 N7c6 17. Bb5 Rc8 18. Re2 O-O 19. Kh1 Ng4 20. Qe1 Nb4 21.
Nf3 Rxc1 22. Nxd4 Rxe1+ 23. Rxe1 Nxf2+ 24. Kg1 Nfd3 25. Bxd3 Nxd3 26. Rd1 Nb4
27. Ra1 Rc8 28. a3 Nd3 29. b4 a6 30. h3 Rc4 31. Nf3 Nf4 32. Kf2 Rc2+ 33. Kf1
Nxg2 34. Nh2 d4 35. Ng4 h5 36. Nf2 Nf4 37. Rd1 e5 38. Ra1 Rc3 39. h4 f6 40. Ke1
Rg3 41. Kd2 Rg2 42. Rf1 Nh3 43. Ke2 e4 44. Ke1 Rxf2 45. Rxf2 Nxf2 46. Kxf2 f5
47. Ke2 f4 48. Kf2 d3 49. Ke1 e3 50. Kf1 d2 51. Ke2 f3+ 52. Kd1 f2 53. Ke2
f1=Q+ 54. Kxf1 d1=Q+ 0-1

[Event "2024 North Island Championships"]
[Site "Wellington NZL"]
[Date "2024.03.29"]
[Round "2.1"]
[White "Ker, Anthony F"]
[Black "Keith, Matthew"]
[Result "1-0"]
[WhiteElo "2217"]
[BlackElo "1791"]
[WhiteFideId "4300084"]
[BlackFideId "4320913"]

1. e4 c5 2. Nc3 Nc6 3. Bb5 Nd4 4. Nf3 e6 5. O-O g6 6. Re1 Bg7 7. e5 a6 8. Bf1
Ne7 9. Ne4 O-O 10. Nxc5 Nxf3+ 11. Qxf3 Qc7 12. d4 Nf5 13. c3 f6 14. exf6 Bxf6
15. Ne4 Be7 16. Qh3 Qd8 17. Bd3 d6 18. Bh6 Rf7 19. f4 Bh4 20. Bg5 Bxg5 21. Nxg5
Re7 22. g4 1-0

[Event "2024 North Island Championships"]
[Site "Wellington NZL"]
[Date "2024.03.29"]
[Round "2.2"]
[White "Gan, Emily Cathay"]
[Black "Croad, Nicolas"]
[Result "0-1"]
[WhiteElo "1793"]
[BlackElo "2209"]
[WhiteFideId "4310608"]
[BlackFideId "4300793"]

1. c4 Nf6 2. Nc3 e6 3. Nf3 d5 4. cxd5 exd5 5. d4 Bb4 6. a3 Bxc3+ 7. bxc3 Ne4 8.
Qb3 O-O 9. e3 c5 10. c4 Qa5+ 11. Bd2 Nxd2 12. Nxd2 cxd4 13. exd4 Re8+ 14. Kd1
Bd7 15. Qd3 dxc4 16. Qxc4 Ba4+ 17. Kc1 Re1+ 0-1

[Event "2024 North Island Championships"]
[Site "Wellington NZL"]
[Date "2024.03.29"]
[Round "2.3"]
[White "Dive, Russell J"]
[Black "Wells, Clinton A"]
[Result "1-0"]
[WhiteElo "2192"]
[BlackElo "1765"]
[WhiteFideId "4300106"]
[BlackFideId "4301188"]

1. Nf3 d6 2. g3 e5 3. Bg2 g6 4. O-O Bg7 5. d4 exd4 6. Nxd4 Ne7 7. c4 Nbc6 8. e3
O-O 9. Nc3 Bd7 10. h3 h6 11. Kh2 Kh7 12. b3 Nf5 13. Nde2 a6 14. Bb2 Rb8 15. Qc1
Nb4 16. Rd1 a5 17. c5 dxc5 18. Ne4 b6 19. Bxg7 Kxg7 20. Qd2 Nd6 21. Qc3+ f6 22.
Nxd6 cxd6 23. Rxd6 Qe7 24. Rad1 Bf5 25. e4 Bc8 26. a3 Na6 27. Nf4 Nc7 28. e5
Qxe5 29. Qxe5 fxe5 30. Rxg6+ Kf7 31. Rxh6 Kg7 32. Rg6+ Kh8 33. Nh5 Be6 34. Rd6
Rxf2 35. Rgxe6 Nxe6 36. Rxe6 Ra2 37. Rxe5 Rxa3 38. Re7 Rf8 39. Nf4 Rxf4 40.
gxf4 Rxb3 41. f5 a4 42. f6 Rb2 43. Re8+ Kh7 44. f7 1-0

[Event "2024 North Island Championships"]
[Site "Wellington NZL"]
[Date "2024.03.29"]
[Round "2.4"]
[White "Wilson, Dion A"]
[Black "Rains, Edward"]
[Result "0-1"]
[WhiteElo "1785"]
[BlackElo "2041"]
[WhiteFideId "4321413"]
[BlackFideId "4302940"]

1. e4 c5 2. Nc3 e6 3. f4 d5 4. Bb5+ Bd7 5. Bxd7+ Qxd7 6. exd5 exd5 7. Qe2+ Be7
8. Nf3 Nf6 9. O-O O-O 10. d3 a6 11. Bd2 Re8 12. Rae1 Nc6 13. Ne5 Qc7 14. Ng4
Qd7 15. Nxf6+ Bxf6 16. Qf3 Red8 17. Bc1 Nd4 18. Qf2 Nf5 19. Ne2 Re8 20. c3 d4
21. Ng3 Nxg3 22. Qxg3 dxc3 23. bxc3 Bxc3 24. Rxe8+ Rxe8 25. f5 Bf6 26. Qf3 b5
27. g4 h6 28. Kh1 Qe7 29. Qc6 Qe2 30. Rg1 Bd4 0-1

[Event "2024 North Island Championships"]
[Site "Wellington NZL"]
[Date "2024.03.29"]
[Round "2.5"]
[White "Winter, Ryan"]
[Black "Malcolm, Aidan"]
[Result "1-0"]
[WhiteElo "2037"]
[BlackElo "1744"]
[WhiteFideId "4306295"]
[BlackFideId "4315073"]

1. e4 c6 2. d4 d5 3. e5 Bf5 4. h4 h5 5. c4 e6 6. Nc3 Nd7 7. Nge2 dxc4 8. Ng3
Bg6 9. Bxc4 Be7 10. Be2 Qc7 11. Qb3 O-O-O 12. Be3 Kb8 13. Nge4 Nh6 14. g3 Nf5
15. Rd1 Nxe3 16. fxe3 Bxe4 17. Nxe4 Nxe5 18. dxe5 Qxe5 19. Qc4 f5 20. Nf2 Qxe3
21. Qf4+ Qxf4 22. gxf4 Rd5 23. Bf3 Rc5 24. Nd3 Rb5 25. Kf2 Bf6 26. b3 Kc7 27.
Kg3 g6 28. Rhe1 Re8 29. Kh3 e5 30. fxe5 Bxe5 31. b4 a5 32. a4 1-0

[Event "2024 North Island Championships"]
[Site "Wellington NZL"]
[Date "2024.03.29"]
[Round "2.6"]
[White "Xu, Luna Yuexiu"]
[Black "Archer, Ollie"]
[Result "0-1"]
[WhiteElo "1753"]
[BlackElo "2004"]
[WhiteFideId "4317360"]
[BlackFideId "4317262"]

1. e4 c6 2. d4 d5 3. Nc3 dxe4 4. Nxe4 Nf6 5. Nxf6+ exf6 6. Nf3 Bd6 7. Bd3 O-O
8. O-O Bg4 9. c3 Nd7 10. Be2 Re8 11. Re1 Nf8 12. Nd2 Be6 13. Bc4 Bc7 14. Bxe6
Nxe6 15. Nf3 Qd5 16. Be3 Rad8 17. Qb3 Qd7 18. Rad1 f5 19. Ne5 Bxe5 20. dxe5 Qc7
21. Bxa7 Rxd1 22. Rxd1 b5 23. Bd4 f4 24. f3 c5 25. Bf2 Qxe5 26. Qxb5 Rb8 27.
Qd3 Rxb2 28. Re1 Qc7 29. Qc4 Qd6 30. Qa4 g6 31. Rd1 Qe5 32. Qc4 Rc2 33. Be1
Qe3+ 34. Kh1 Re2 35. Qe4 Qxe4 36. fxe4 Rxa2 37. Rd2 Ra1 38. Re2 Nd4 39. cxd4
cxd4 40. Kg1 d3 41. Rd2 Rxe1+ 42. Kf2 Re3 43. g3 g5 44. h4 Rxg3 45. hxg5 Kg7
46. Rd1 Re3 47. e5 Kg6 48. Rg1 Rxe5 49. Rd1 Re3 50. Ra1 Kxg5 51. Ra7 Kg4 52.
Rxf7 Re2+ 53. Kf1 Rh2 54. Rd7 d2 55. Kg1 Re2 0-1

[Event "2024 North Island Championships"]
[Site "Wellington NZL"]
[Date "2024.03.29"]
[Round "2.7"]
[White "Timergazi, Layla"]
[Black "Gunawan, Geoffrey"]
[Result "1-0"]
[WhiteElo "1976"]
[BlackElo "1725"]
[WhiteFideId "4303733"]
[BlackFideId "4311450"]

1. d4 d5 2. Nc3 c6 3. Bf4 Bf5 4. e3 Nf6 5. Bd3 Bxd3 6. cxd3 e6 7. Nf3 Bd6 8.
Ne5 O-O 9. O-O h5 10. Bg5 Qc7 11. f4 Bxe5 12. fxe5 Ng4 13. h3 f6 14. hxg4 fxg5
15. Rxf8+ Kxf8 16. gxh5 Qe7 17. Qg4 Na6 18. Rf1+ Kg8 19. h6 gxh6 20. Rf6 Kg7
21. Qh5 1-0

[Event "2024 North Island Championships"]
[Site "Wellington NZL"]
[Date "2024.03.29"]
[Round "2.8"]
[White "Gong, Jie"]
[Black "Nicholls, Leighton"]
[Result "0-1"]
[WhiteElo "1723"]
[BlackElo "1930"]
[WhiteFideId "4307275"]
[BlackFideId "4303776"]

1. d4 d5 2. Bf4 Nf6 3. e3 Bf5 4. Bd3 Bg6 5. Nf3 e6 6. O-O Bd6 7. Ne5 O-O 8. Nd2
c5 9. Bxg6 hxg6 10. c3 Nc6 11. h3 Bxe5 12. dxe5 Nd7 13. Nf3 Qc7 14. Qc2 Ndxe5
15. Nxe5 Nxe5 16. Bh2 Kh7 17. b3 f6 18. f4 Nc6 19. f5 Qf7 20. fxg6+ Qxg6 21.
Qxg6+ Kxg6 22. Bd6 Rfc8 23. Bxc5 Ne5 24. Bd4 Nd7 25. c4 e5 26. Bb2 dxc4 27.
bxc4 Rxc4 28. Rfd1 Nb6 29. Rd6 Rc2 30. Ba3 Nc4 31. Rd3 Nxa3 32. Rxa3 Rd8 33.
Rxa7 Rdd2 34. Rb1 Rxg2+ 35. Kh1 Rh2+ 36. Kg1 Rcg2+ 37. Kf1 Rxa2 38. Rxa2 Rxa2
39. Rxb7 Rh2 40. Rb5 Rxh3 41. Kf2 Kf5 42. Rb7 g5 43. Rf7 e4 44. Rf8 Rf3+ 45.
Ke2 Kg4 46. Re8 f5 47. Rg8 Kh4 48. Rh8+ Kg3 49. Rh5 g4 50. Rh7 Rf2+ 51. Ke1 Kf3
0-1

[Event "2024 North Island Championships"]
[Site "Wellington NZL"]
[Date "2024.03.29"]
[Round "2.9"]
[White "Young, Cohen"]
[Black "Coates, Alex"]
[Result "1/2-1/2"]
[WhiteElo "1914"]
[BlackElo "1721"]

1. d4 Nf6 2. c4 e6 3. Nc3 d5 4. cxd5 exd5 5. Bg5 c6 6. e3 Bd6 7. Bd3 O-O 8.
Nge2 Re8 9. f3 h6 10. Bxf6 Qxf6 11. e4 Qh4+ 12. g3 Qd8 13. e5 Bf8 14. f4 c5 15.
dxc5 d4 16. Ne4 Bxc5 17. Nxc5 Qa5+ 18. Qd2 Qxc5 19. Be4 Rd8 20. Rc1 Qb6 21. Rc4
Nc6 22. Bxc6 bxc6 23. Rxd4 Bg4 24. Rd6 Rxd6 25. Qxd6 Qxb2 26. Qd2 Qb6 27. Qd4
Bxe2 28. Qxb6 axb6 29. Kxe2 Rxa2+ 30. Kd3 Kf8 31. Rc1 1/2-1/2

[Event "2024 North Island Championships"]
[Site "Wellington NZL"]
[Date "2024.03.29"]
[Round "2.10"]
[White "Campbell, Cazna"]
[Black "Langford, Joshua"]
[Result "1-0"]
[WhiteElo "1717"]
[BlackElo "1896"]

1. c4 e6 2. e4 d5 3. cxd5 exd5 4. exd5 Nf6 5. Nc3 Nxd5 6. Bc4 Nb6 7. Bb3 Be7 8.
Nf3 O-O 9. h3 Bf6 10. d4 Re8+ 11. Be3 c6 12. O-O Be6 13. Bc2 g6 14. Ne4 Bg7 15.
Bg5 f6 16. Bh4 Na6 17. a3 Nc7 18. g4 Ncd5 19. Kh2 Nf4 20. g5 Nfd5 21. Ng1 Bf5
22. gxf6 Nxf6 23. f3 Nbd5 24. Re1 Qb6 25. b4 Rad8 26. Nxf6+ Nxf6 27. Bxf5 gxf5
28. Ne2 Re3 29. Rg1 Qc7+ 30. Bg3 Qe7 31. Ra2 Kh8 32. Qf1 Re8 33. Be5 Nh5 34. f4
Qh4 35. Qg2 Rg8 36. a4 Rb3 37. Rd2 Rxb4 38. d5 cxd5 39. Rxd5 Qe7 40. Bd6 Qe4
41. Bxb4 Qxb4 42. Rxf5 1-0

[Event "2024 North Island Championships"]
[Site "Wellington NZL"]
[Date "2024.03.29"]
[Round "2.11"]
[White "Van der Hoorn, Thomas"]
[Black "Liu, Richard Jingjie"]
[Result "1/2-1/2"]
[WhiteElo "1874"]
[BlackElo "1713"]
[WhiteFideId "4314565"]
[BlackFideId "4316967"]
[PlyCount "0"]
[EventDate "2024.03.29"]
[SourceDate ""]

1. e4 e5 2. Nf3 Nc6 3. Bc4 Bc5 4. c3 Nf6 5. d3 d6 6. Nbd2 a6 7. a4 Be6 8. O-O
Qd7 9. b4 Bb6 10. Bxe6 fxe6 11. Nc4 Ba7 12. Be3 Bxe3 13. Nxe3 O-O 14. Re1 Ne7
15. Qc2 h6 16. Rad1 g5 17. d4 exd4 18. Nxd4 Ng6 19. g3 Qf7 20. c4 Ne5 21. c5
Nfg4 22. Nxg4 Nxg4 23. f3 Ne5 24. cxd6 cxd6 25. Qb3 Rae8 26. Kg2 Kh7 27. Rc1
Re7 28. Rf1 Qg6 29. Qe3 Rff7 30. Rf2 d5 31. Rcf1 dxe4 32. Qxe4 Qxe4 33. fxe4
Rxf2+ 34. Rxf2 Nd3 35. Rf6 Nxb4 36. Rxe6 Rxe6 {(=)} 1/2-1/2

[Event "2024 North Island Championships"]
[Site "Wellington NZL"]
[Date "2024.03.29"]
[Round "2.13"]
[White "Loke, Kayden"]
[Black "Brockway, Andrew"]
[Result "0-1"]
[WhiteElo "1867"]
[BlackElo "1698"]
[WhiteFideId "4313186"]
[BlackFideId "4301340"]
[PlyCount "0"]
[EventDate "2024.03.29"]
[SourceDate ""]

1. a3 d5 2. Nf3 g6 3. e3 Bg7 4. d4 Bg4 5. h3 Bxf3 6. Qxf3 e6 7. c4 c6 8. cxd5
exd5 9. Nc3 Nf6 10. Bd3 O-O 11. O-O Nbd7 12. b4 Re8 13. Rb1 Nf8 14. a4 Ne6 15.
Ba3 Ng5 16. Qe2 Nge4 17. Nxe4 Nxe4 18. Bxe4 dxe4 19. b5 cxb5 20. Qxb5 b6 21.
Rfc1 Bf8 22. Bxf8 Rxf8 23. Rc6 Rc8 24. Rbc1 Rxc6 25. Qxc6 Qa8 26. Kh2 Qxc6 27.
Rxc6 f5 28. Kg3 Rf7 29. Kf4 Re7 30. h4 Kf7 31. h5 Re6 32. Rc7+ Re7 33. hxg6+
hxg6 34. Rc8 Kf6 35. Rc6+ Re6 36. Rxe6+ Kxe6 37. Kg5 a6 38. Kxg6 b5 39. d5+
Kxd5 40. axb5 axb5 41. Kxf5 b4 42. g4 b3 43. g5 b2 44. g6 b1=Q 45. Kf6 Qg1 46.
g7 Qxf2+ 47. Ke7 Qg3 48. Kf8 Kc4 49. g8=Q+ Qxg8+ 50. Kxg8 Kd3 51. Kf7 Kxe3 0-1

[Event "2024 North Island Championships"]
[Site "Wellington NZL"]
[Date "2024.03.29"]
[Round "2.14"]
[White "Ashe, Michael"]
[Black "Chang, Luke"]
[Result "0-1"]
[WhiteElo "1678"]
[BlackElo "1866"]
[WhiteFideId "4310462"]
[BlackFideId "4325605"]
[PlyCount "0"]
[EventDate "2024.03.29"]
[SourceDate ""]

1. d4 d5 2. c4 e6 3. Nc3 Nf6 4. cxd5 exd5 5. Bg5 Be7 6. e3 O-O 7. Bd3 c6 8. Qc2
Nbd7 9. Nge2 h6 10. Bh4 Re8 11. O-O Ne4 12. Bxe7 Qxe7 13. Bxe4 dxe4 14. Ng3 Nf6
15. Rab1 h5 16. h3 h4 17. Nge2 Bd7 18. b4 g5 19. a4 Rac8 20. Qb2 Nh5 21. b5 g4
22. hxg4 Bxg4 23. Nf4 Qg5 24. Nce2 h3 25. g3 h2+ 26. Kxh2 Nxf4 27. Nxf4 Qh6+
0-1

[Event "2024 North Island Championships"]
[Site "Wellington NZL"]
[Date "2024.03.29"]
[Round "2.18"]
[White "Thurner, Anya"]
[Black "Lieser, Joshua"]
[Result "1-0"]
[WhiteElo "1809"]
[BlackElo "1394"]

1. e4 c6 2. d4 d5 3. Nc3 dxe4 4. Nxe4 Bf5 5. Ng3 Bg6 6. h4 h5 7. Nh3 e6 8. Be2
Bd6 9. Bf4 Nf6 10. Bf3 Qc7 11. Qd2 Nbd7 12. O-O-O O-O-O 13. Bxd6 Qxd6 14. Nf4
Nf8 15. Kb1 e5 16. Nxg6 Nxg6 17. Qg5 exd4 18. Bxh5 Nxh5 19. Nxh5 Qd5 20. Qg4+
Rd7 21. Nxg7 Ne5 22. Qh3 Rg8 23. Nf5 Ng4 24. Ne3 Nxe3 25. fxe3 Qxg2 26. exd4
Qxh3 27. Rxh3 Rxd4 28. Kc1 Rxd1+ 29. Kxd1 Kd7 30. Rb3 Kc7 31. Rf3 Rg7 32. Kd2
Rg2+ 33. Kd3 Rg7 34. Ke4 Kd6 35. Kf5 Rg2 36. h5 Rxc2 37. Rh3 Ke7 38. h6 Rf2+
39. Ke4 Rd2 40. h7 Rd8 1-0

[Event "2024 North Island Championships"]
[Site "Wellington NZL"]
[Date "2024.03.29"]
[Round "2.19"]
[White "Addagada, Geetham"]
[Black "Ha, Timothy Huy Minh"]
[Result "0-1"]
[WhiteElo "920"]
[BlackElo "1808"]
[WhiteFideId "4320662"]
[BlackFideId "12417246"]
[PlyCount "0"]
[EventDate "2024.03.29"]
[SourceDate ""]

1. d4 f5 2. Nc3 Nf6 3. Bf4 g6 4. e3 Bg7 5. Bd3 O-O 6. h4 d6 7. h5 Nxh5 8. Rxh5
gxh5 9. Qxh5 Qe8 10. Qh2 e5 11. Bg5 exd4 12. Nd5 dxe3 13. Ne7+ Kh8 14. fxe3 Nc6
15. Nd5 Qf7 16. Nf4 Ne5 17. Kd2 Nxd3 18. cxd3 Rg8 19. Nf3 Bf6 20. Bxf6+ Qxf6
21. Rc1 c6 22. Nd4 Bd7 23. Rh1 Qg7 24. g3 c5 25. Nfe6 Bxe6 26. Nxe6 Qxb2+ 27.
Ke1 Qxh2 28. Rxh2 Rxg3 29. Kf2 Rg6 30. Nf4 Rf6 31. Nd5 Rf7 32. Rh6 Rd8 33. Nc3
a6 34. Nd5 b5 35. a3 a5 36. Rh4 Rb8 37. Ke2 b4 38. axb4 cxb4 39. Kd2 Rb5 40.
Nf4 a4 41. Kc2 Rc7+ 42. Kb2 Rbc5 43. Rh2 Rb7 44. d4 a3+ 45. Ka2 Rc3 46. Nd5 Rd3
47. Rg2 b3+ 48. Kxa3 b2+ 49. Ka4 b1=Q 50. Nf6 Ra7# 0-1

[Event "2024 North Island Championships"]
[Site "Wellington NZL"]
[Date "2024.03.29"]
[Round "2.24"]
[White "Benitez, Edgar"]
[Black "Zhang, Daniel"]
[Result "1-0"]
[WhiteElo "1855"]
[BlackElo "1170"]

1. d4 Nf6 2. Bf4 g6 3. e3 Bg7 4. Nf3 d6 5. Bd3 O-O 6. O-O c5 7. c3 Nbd7 8. Qc2
Qc7 9. Nbd2 cxd4 10. exd4 Re8 11. Rfe1 e5 12. dxe5 dxe5 13. Bg3 Nh5 14. Bb5
Nxg3 15. hxg3 a6 16. Ba4 Re7 17. Rad1 Nc5 18. Nh4 Nxa4 19. Qxa4 Bd7 20. Qb4
Ree8 21. Nhf3 Rad8 22. Qh4 f6 23. Qc4+ Qxc4 24. Nxc4 Be6 25. Na5 b6 26. Nb3
Rxd1 27. Rxd1 Bf8 28. Nc1 Bg4 29. Rd5 Bh6 30. Ne2 e4 31. Nfd4 e3 32. f3 Be6 33.
Nxe6 Rxe6 34. Kf1 Kf7 35. Nd4 Re7 36. Ke2 Re5 37. Rd7+ Re7 38. Rxe7+ Kxe7 39.
f4 g5 40. Nf5+ Kf7 41. Nxh6+ Kg6 42. Ng4 gxf4 43. gxf4 Kf5 44. Nxe3+ Kxf4 45.
Nd5+ Kg3 46. Nxf6 Kxg2 47. Nxh7 Kg3 48. Ke3 Kg4 49. Ke4 Kh5 50. Kd5 Kg6 51.
Nf8+ Kf7 52. Nd7 b5 53. b4 Ke7 54. Nc5 Kd8 55. Nxa6 Kc8 56. Kc6 Kd8 57. Kxb5
Kc8 58. Kc6 Kd8 59. b5 1-0